संतांचे समरसता सूत्र (Record no. 365721)

MARC details
000 -LEADER
fixed length control field 00382 a2200133 4500
005 - DATE AND TIME OF LATEST TRANSACTION
control field 20250717131323.0
008 - FIXED-LENGTH DATA ELEMENTS--GENERAL INFORMATION
fixed length control field 250408b |||||||| |||| 00| 0 eng d
020 ## - INTERNATIONAL STANDARD BOOK NUMBER
International Standard Book Number 9789391558222
041 ## - LANGUAGE CODE
Language code of text/sound track or separate title Marathi
100 ## - MAIN ENTRY--PERSONAL NAME
Author Jevne D.H.
245 ## - TITLE STATEMENT
Title संतांचे समरसता सूत्र
260 ## - PUBLICATION, DISTRIBUTION, ETC.
Name of publisher, distributor, etc. Bharatiya Vichar Sadhana Pune Prakashan
Date of publication, distribution, etc. 2021
942 ## - ADDED ENTRY ELEMENTS (KOHA)
Koha item type Books
Holdings
Withdrawn status Lost status Source of classification or shelving scheme Damaged status Not for loan Home library Current library Date acquired Vendor Net Price Total Checkouts Full call number Barcode Date last seen Actual Price Bill Date Koha item type
    Dewey Decimal Classification     Cummins College of Engineering for Women Pune Cummins College of Engineering for Women Pune 13/03/2025 188 91.00   891.46 JEV CCEP-BK-68782 13/03/2025 130.00 13/03/2025 Books